Chủ tịch Hồ Chí Minh và các lãnh đạo tiền bối tiêu biểu của Đảng và cách mạng Việt Nam
Nội dung cuốn sách giới thiệu một cách ngắn gọn, cô đọng những nét chính về tiểu sử, sự nghiệp của Chủ tịch Hồ Chí Minh, các Tổng Bí thư của Đảng, các nhà lãnh đạo cách mạng tiền bối tiêu biểu, lãnh đạo chủ chốt của Đảng, Nhà nước....
Enregistré dans:
| Auteur principal: | |
|---|---|
| Autres auteurs: | , |
| Format: | Livre |
| Langue: | Vietnamese |
| Publié: |
H.
Chính trị quốc gia
2017
|
| Édition: | Xuất bản lần thứ hai |
| Sujets: | |
| Tags: |
Ajouter un tag
Pas de tags, Soyez le premier à ajouter un tag!
|
| Thư viện lưu trữ: | Thư viện Trường Đại học Nam Cần Thơ |
|---|
| LEADER | 02008nam a22002777a 4500 | ||
|---|---|---|---|
| 001 | NCT_44636 | ||
| 008 | 180706b xxu||||| |||| 00| 0 vie d | ||
| 999 | |c 2140 |d 2140 | ||
| 020 | |a 9786045728383 |c 43000 | ||
| 082 | 0 | 4 | |2 23rd ed. |a 920.0597 |b A107 |
| 100 | 1 | |a Phạm Ngọc Anh |e Chủ biên | |
| 245 | 1 | 0 | |a Chủ tịch Hồ Chí Minh và các lãnh đạo tiền bối tiêu biểu của Đảng và cách mạng Việt Nam |c Phạm Ngọc Anh (chủ biên) ; Võ Văn Bé, Phạm Hồng Chương,... |
| 250 | |a Xuất bản lần thứ hai | ||
| 260 | |a H. |b Chính trị quốc gia |c 2017 | ||
| 300 | |a 200tr. |c 21cm | ||
| 520 | 3 | |a Nội dung cuốn sách giới thiệu một cách ngắn gọn, cô đọng những nét chính về tiểu sử, sự nghiệp của Chủ tịch Hồ Chí Minh, các Tổng Bí thư của Đảng, các nhà lãnh đạo cách mạng tiền bối tiêu biểu, lãnh đạo chủ chốt của Đảng, Nhà nước. | |
| 653 | |a Kinh tế chính trị | ||
| 700 | 1 | |a Võ Văn Bé | |
| 700 | 1 | |a Phạm Hồng Chương | |
| 942 | |2 ddc |c BK | ||
| 952 | |0 0 |1 0 |2 ddc |4 0 |6 920_059700000000000_A107 |7 0 |9 12168 |a 000001 |b 000001 |d 2018-07-06 |o 920.0597 A107 |p MD.11207 |r 2018-07-06 |v 43000.00 |w 2018-07-06 |y BK | ||
| 952 | |0 0 |1 0 |2 ddc |4 0 |6 920_059700000000000_A107 |7 0 |9 12169 |a 000001 |b 000001 |d 2018-07-06 |o 920.0597 A107 |p MD.11208 |r 2018-07-06 |v 43000.00 |w 2018-07-06 |y BK | ||
| 952 | |0 0 |1 0 |2 ddc |4 0 |6 920_059700000000000_A107 |7 0 |9 12170 |a 000001 |b 000001 |d 2018-07-06 |o 920.0597 A107 |p MD.11209 |r 2018-07-06 |v 43000.00 |w 2018-07-06 |y BK | ||
| 952 | |0 0 |1 0 |2 ddc |4 0 |6 920_059700000000000_A107 |7 0 |9 12171 |a 000001 |b 000001 |d 2018-07-06 |o 920.0597 A107 |p MD.11210 |r 2018-07-06 |v 43000.00 |w 2018-07-06 |y BK | ||
| 952 | |0 0 |1 0 |2 ddc |4 0 |6 920_059700000000000_A107 |7 0 |9 12172 |a 000001 |b 000001 |d 2018-07-06 |o 920.0597 A107 |p MD.11211 |r 2018-07-06 |v 43000.00 |w 2018-07-06 |y BK | ||
| 980 | |a Thư viện Trường Đại học Nam Cần Thơ | ||


